Economía pública de Argentina y España (Registro nro. 1558)

Detalles MARC
000 -LEADER
fixed length control field 01746 a2200241 4500
001 - CONTROL NUMBER
control field 27179
005 - DATE AND TIME OF LATEST TRANSACTION
control field 20260407155548.0
008 - FIXED-LENGTH DATA ELEMENTS--GENERAL INFORMATION
fixed length control field 260407a2007 arg spa d
003 - CONTROL NUMBER IDENTIFIER
control field AR-UNSa-BCEJYS
040 ## - CATALOGING SOURCE
Original cataloging agency AR-UNSa-BCEJYS
Language of cataloging spa
Transcribing agency AR-UNSa-BCEJYS
080 ## - UNIVERSAL DECIMAL CLASSIFICATION NUMBER
Universal Decimal Classification number 336.5
Common auxiliary subdivision Gasto público. Gastos del estado
020 ## - INTERNATIONAL STANDARD BOOK NUMBER
International Standard Book Number 978-987-1281-43-5
100 1# - MAIN ENTRY--PERSONAL NAME
Personal name Rezk, Ernesto
245 10 - TITLE STATEMENT
Title Economía pública de Argentina y España
264 #1 - PRODUCTION, PUBLICATION, DISTRIBUTION, MANUFACTURE, AND COPYRIGHT NOTICE
Place of production, publication, distribution, manufacture Buenos Aires :
Name of producer, publisher, distributor, manufacturer EDICON (Fondo Editorial Consejo)
Date of production, publication, distribution, manufacture, or copyright notice 2007
300 ## - PHYSICAL DESCRIPTION
Extent 408 p.
Dimensions 21 cm.
505 ## - FORMATTED CONTENTS NOTE
Formatted contents note 1. Convergencia fiscal en la Unión Europea - 2. El impuesto de sociedades en la Unión Europea: Situación actual y alternativas de reforma - 3. Perspectivas de la integración en América Latina a comienzos del siglo XXI - 4. El impuesto sobre la renta de las personas físicas en España: Le reforma 2007 - 5. Variables polìtico institucionales aplicadas al análisis del desempeño del gasto público sibnacional - 6. Federalismo y responsabilidad fiscal a nivel nacional y provincial, el caso argentino - 7. Interdependencias entre el sector público y el privado en España: La influencia de los consumidores sobre la estructura de gasto público - 8. La reforma de los mecanismos de nivelación regional en España - 9. Análisis multinivel del rendimiento escolar al término de la educación básica en Argentina - 10. La inclusión de las variables no controlables en el DEA: una aplicación en la enseñanza secundaria
590 ## - LOCAL NOTE (RLIN)
Local note niveau_biblio:m niveau_hierar:0
700 1# - ADDED ENTRY--PERSONAL NAME
Personal name Gertel, Héctor R.
700 1# - ADDED ENTRY--PERSONAL NAME
Personal name Jacobo, Alejandro D.
856 41 - ELECTRONIC LOCATION AND ACCESS
Uniform Resource Identifier <a href="https://biblioeco.unsa.edu.ar/pmb/images/libros/Economia Publica de Argentina y Espa?a-l117926.jpg">https://biblioeco.unsa.edu.ar/pmb/images/libros/Economia Publica de Argentina y Espa?a-l117926.jpg</a>
Link text Imagen de portada
Electronic format type image/jpeg
942 ## - ADDED ENTRY ELEMENTS (KOHA)
Koha item type
Existencias
Withdrawn status Lost status Damaged status Not for loan Home library Current library Shelving location Date acquired Total checkouts Full call number Barcode Date last seen Price effective from Koha item type
        Biblioteca Prof. Eusebio Cleto del Rey Biblioteca Prof. Eusebio Cleto del Rey   07/04/2026   336.5 G384 L117926 07/04/2026 07/04/2026 Libro